00274 a2200121 4500000002500000020001800025100002400043245004000067250000600107260001400113264000800127999001700135 nam a22 7a 4500 a9780367270223 aSchroll,Craig R998 aIndustrial Fire Protection Handbook a2 bCRCc2022 bCRC c35984d35984